<The> shortest path problem (multiple edges between two adjacent vertices)

Snaha nájsť - vypočítať najkratšiu cestu prepravy tovaru z jedného bodu do druhého. Prepravné spoločnosti - preprava medzi mestami (vrcholy). Náklady na prepravu.

Gespeichert in:
Bibliographische Detailangaben
1. Verfasser: Krumplík, Miroslav
Weitere Verfasser: Domonkos, Tomáš
Format: Buchkapitel
Sprache:Englisch
Schlagworte:
Tags: Tag hinzufügen
Keine Tags, Fügen Sie das erste Tag hinzu!

MARC

LEADER 00000naa$a2200000$$$4500
001 0081194
005 20240502071920.2
041 0 |a eng 
044 |a SK 
245 1 0 |a <The> shortest path problem (multiple edges between two adjacent vertices)  |c Miroslav Krumplík, Tomáš Domonkos 
520 |a Snaha nájsť - vypočítať najkratšiu cestu prepravy tovaru z jedného bodu do druhého. Prepravné spoločnosti - preprava medzi mestami (vrcholy). Náklady na prepravu. 
610 2 0 |a preprava 
610 2 0 |a tovar 
610 2 0 |a matematika hospodárska 
610 2 0 |a modelovanie 
100 1 |a Krumplík, Miroslav 
700 1 |a Domonkos, Tomáš